000 00881naa a22002417u 4500
001 20902
003 HDC
007 cr bn ---aaaaa
008 210306t200901 xx 000 0 eng
040 _aHDC
100 _aIRFAN SUNGKAR,
_eauthor
_91125
245 0 _aRISING INCOME AND TRADE PATTERNS OF THE GLOBAL HALAL MEAT TRADE /
_cby IRFAN SUNGKAR
260 _a[No place] :
_b[publisher not identified],
_c2009
336 _atext
_2rdacontent
337 _acomputer
_2rdamedia
338 _aonline resource
_2rdacarrier
650 _aHalal food industry
_zMalaysia
_9218
650 _aMeat industry and trade
_xReligious aspects
_xIslam
_917653
856 _zRequest full-text at [email protected]
942 _2lcc
942 _cEIJ
942 _kEMAG 000933
999 _c18218
_d18218